Dopasuj nazwę zespołu do nazwy albumu #1 - Rock i Metal - Statystyki

Ogólne statystyki
  • Ten quiz został rozwiązany 834 razy
  • Średni wynik to 14 z 34
Statystyki odpowiedzi
Lp Nazwa Albumu Rok Wydania Wykonawca % Poprawnych
3 Master of Puppets 1986 Metallica
93%
1 Nevermind 1991 Nirvana
92%
8 Back in Black 1980 AC/DC
88%
4 Paranoid 1970 Black Sabbath
86%
12 Californication 1999 Red Hot Chili Peppers
78%
18 American Idiot 2004 Green Day
76%
29 Toxicity 2001 System of a Down
72%
6 The Wall 1979 Pink Floyd
69%
7 The Number of the Beast 1982 Iron Maiden
65%
21 Hotel California 1976 The Eagles
64%
17 Dark Side of the Moon 1973 Pink Floyd
53%
9 Appetite for Destruction 1987 Guns N' Roses
52%
15 Reise Reise 2004 Rammstein
51%
11 Hybrid Theory 2000 Linkin Park
44%
2 London Calling 1980 The Clash
40%
27 Peace Sells... but Who's Buying? 1986 Megadeth
35%
5 Sgt. Pepper's Lonely Hearts Club Band 1967 The Beatles
35%
14 Brothers in Arms 1985 Dire Straits
34%
32 Powerslave 1984 Iron Maiden
33%
10 Ten 1991 Pearl Jam
25%
31 Machine Head 1972 Deep Purple
24%
20 Are You Experienced? 1967 The Jimi Hendrix Exprerience
22%
22 Physical Graffiti 1975 Led Zeppelin
18%
26 Hysteria 1987 Def Leppard
17%
24 Superunknown 1994 Soundgarden
16%
35 Who's Next 1971 The Who
15%
28 Isseus 1999 Korn
13%
13 What's the Story Morning Glory? 1995 Oasis
13%
25 Blackout 1982 Scorpions
11%
16 2112 1976 Rush
10%
19 Permanent Vacation 1987 Aerosmith
9%
23 Aqualung 1971 Jethro Tull
9%
34 Angel Dust 1992 Faith No More
7%
33 Out of Time 1991 R.E.M.
4%
Nie znaleziono quizów pasujących do podanych kryteriów
Rozkład punktacji
Procent ludzi z każdym wynikiem
Percentyl według liczby udzielonych odpowiedzi
Twoja historia wyników
Nie rozwiązałeś tego quizu